zpět

Detail výsledku týmu

Utopia, Brno

Datum a čas kvízu

33 Celkem bodů Celkový počet nahraných bodů na tomto kvízu bez doplňovacích otázek.
2. Pořadí na kvízu Konečné umístění týmu na tomto kvízu.

Zaznamenané odpovědi

# Otázka Odpověď Body Výsledky
1. Která sázková společnost posla... Fortuna 0
2. Minulý týden došlo v Africe ke... Gabon 0
3. Ve středu byl v jistém městě n... Benátky (Venezia), Zlatý lev 0.5
4. Společnost Agrofert minulý týd... Synthesia, Mafra, LONDA 1
5. V pátek se v Monaku konalo los... (Glasgow) Rangers, AS Řím 0.5
6. Představte si, že celý život s... Zrození Planety opic 1
7. Na fotografii je zobrazen John... Sloní muž (The Elephant Man) 0
8. Ron Perlman a David Harbour se... Hellboy 1
9. Na této fotografii je Doug Jon... Faunův labyrint 0
10. Napište jméno herce, který byl... Jim Carrey 1